| 000 | 00340nam a2200121Ia 4500 | ||
|---|---|---|---|
| 008 | 230907s9999||||xx |||||||||||||| ||und|| | ||
| 082 |
_a333.33 _bMCK |
||
| 100 |
_aMcKenzie, Dennis J., _9115606 |
||
| 245 | 0 | _aEssentials of real estate economics / | |
| 260 |
_aCengage Learning, _bMason, OH : _c2011 |
||
| 300 | _axxii, 554 p. : | ||
| 942 | _cBK | ||
| 999 |
_c598934 _d598934 |
||